00569nam a2200157Ia 450000500170000000800460001703700180006304000200008104100130010108400280011410000150014224501890015726000090034630000130035554600430036820250508161841.0008 250505s9999 xx 000 0 eng d aDissertations aFEDLbengcFEDL aeng2eng a301.320 7, GUP/DIqFEDL aGupta Nina 0aInvestigation into how population education has been incorporated in the draft syllabus at the teacher training level and how the porgramme is being implemented in the schools of Delhi c1977 avi,129p. aM. Ed. Dissertation (Delhi University)